Working to the letter of intent (Record no. 62373)

MARC details
000 -LEADER
fixed length control field 00930cam a2200217 4500
001 - CONTROL NUMBER
control field ABS61751
008 - FIXED-LENGTH DATA ELEMENTS--GENERAL INFORMATION
fixed length control field 000000n2000 000 0 eng u
035 ## - SYSTEM CONTROL NUMBER
System control number (Sirsi) u103912
100 ## - MAIN ENTRY--PERSONAL NAME
Personal name Standish, A.
245 ## - TITLE STATEMENT
Title Working to the letter of intent
260 ## - PUBLICATION, DISTRIBUTION, ETC.
Date of publication, distribution, etc. 2000
490 ## - SERIES STATEMENT
Series statement Building Trade and Industry
Volume/sequential designation 16(1) January 2000, 7(1)
520 ## - SUMMARY, ETC.
Summary, etc. Warns that careful wording is essential when carrying out a contract under the Housing Grants Construction and Regeneration Act 1996. Many construction lawyers draft letters of intent so that they constitute a contract and a poorly worded letter can unleash all sorts of problems for the sender.
590 ## - LOCAL NOTE (RLIN)
Local note ABS
650 ## - SUBJECT ADDED ENTRY--TOPICAL TERM
Topical term or geographic name entry element LETTERS OF INTENT
650 ## - SUBJECT ADDED ENTRY--TOPICAL TERM
Topical term or geographic name entry element HOUSING GRANTS CONSTRUCTION AND REGENERATION ACT 1996
650 ## - SUBJECT ADDED ENTRY--TOPICAL TERM
Topical term or geographic name entry element QUANTUM MERUIT
650 ## - SUBJECT ADDED ENTRY--TOPICAL TERM
Topical term or geographic name entry element BUILT ENVIRONMENT-BUILDING CONTRACT FORMS
690 ## - LOCAL SUBJECT ADDED ENTRY--TOPICAL TERM (OCLC, RLIN)
Topical term or geographic name as entry element BUILT ENVIRONMENT-BUILDING CONTRACT FORMS
942 ## - ADDED ENTRY ELEMENTS (KOHA)
Suppress in OPAC 0
Holdings
Withdrawn status Lost status Source of classification or shelving scheme Damaged status Not for loan Home library Current library Shelving location Date acquired Total Checkouts Full call number Barcode Date last seen Copy number Price effective from Koha item type
    Dewey Decimal Classification     London London Journal article 31/01/2000   ABS61751 103912-1001 06/08/2019 1 06/08/2019 Journal article